[Event "RSA-chT U12"]
[Site "Cape Town"]
[Date "2016.01.07"]
[Round "7.6"]
[White "Pelser, Andries"]
[Black "Eaton, Dante"]
[Result "0-1"]
[WhiteElo "1055"]
[BlackElo "1253"]
[PlyCount "74"]
[EventDate "2016.01.04"]
[EventType "team-tourn"]
[EventRounds "7"]
[EventCountry "RSA"]
[SourceTitle "CBM 170 Extra"]
[Source "ChessBase"]
[SourceDate "2016.02.25"]
[SourceVersion "1"]
[SourceVersionDate "2016.02.25"]
[SourceQuality "1"]
[WhiteTeam "Kenneth Kaunda"]
[BlackTeam "Western Province"]
[WhiteTeamCountry "RSA"]
[BlackTeamCountry "RSA"]

1. d4 d5 2. Nf3 e6 3. e3 Nf6 4. Bd3 Nbd7 5. c3 Be7 6. a3 b6 7. Qc2 c5 8. Nbd2 0-0 9. Ng5 g6 10. b4 c4 11. Be2 Re8 12. Bb2 e5 13. dxe5 Nxe5 14. Ndf3 Bf5 15. Qd1 Nd3+ 16. Bxd3 Bxd3 17. Ne5 Bf5 18. Nc6 Qc7 19. Nxe7+ Rxe7 20. Nf3 Bd3 21. Nd4 h5 22. Qf3 Kg7 23. Qg3 Be4 24. Rg1 Qxg3 25. fxg3 Ng4 26. Bc1 Nxh2 27. Nc6 Rc7 28. Nd4 a6 29. Rh1 Ng4 30. Rg1 Re8 31. b5 a5 32. Kd2 Bd3 33. a4 Rxe3 34. Re1 Rce7 35. Rxe3 Rxe3 36. Nc2 Re2+ 37. Kd1 Nf2# 0-1